[Event "POHÁR města Říčany 2024"]
[Site "Městské kulturní středisko U labutě"]
[Date "2024.06.29"]
[Round "1.26"]
[White "Jankovsky, Zbynek"]
[Black "Vavrinec, Tomas"]
[Result "0-1"]
[WhiteElo "1739"]
[BlackElo "1922"]
[WhiteFideId "23700521"]
[BlackFideId "318353"]
[PlyCount "0"]
[EventDate "2024.06.29"]

1. e4 e6 2. d4 d5 3. exd5 exd5 4. Bd3 Nc6 5. Nf3 Bg4 6. c3 Bd6 7. Nbd2 Qd7
8. b4 O-O-O 9. O-O Re8 10. Qc2 Nge7 11. b5 Nd8 12. a4 Kb8 13. Ba3 Ng6 14. Bxd6
Qxd6 15. c4 dxc4 16. Bxc4 Bxf3 17. Nxf3 f6 18. Rad1 Qf4 19. Rfe1 Qg4 20. h3 Qd7
21. d5 Rxe1+ 22. Rxe1 Re8 23. Rxe8 Qxe8 24. Nd4 Qe1+ 25. Bf1 Qe5 26. Qd2 Nf4
27. Nf3 Qe4 28. d6 c6 29. Qa5 Nfe6 30. b6 axb6 31. Qxb6 Qd5 32. Qb4 Qc5 33. Qd2
Kc8 34. a5 Kd7 35. a6 bxa6 36. Bxa6 Qxd6 37. Bc8+ Ke7 38. Qxd6+ Kxd6 39. Bxe6
Nxe6 40. g3 Kd5 41. Kf1 Ke4 42. Ke2 Nd4+ 43. Nxd4 Kxd4 44. Kd2 c5 45. g4 g5
46. Kc2 Kc4 47. Kd2 Kb3 48. Kc1 Kc3 49. Kb1 Kd2 0-1

[Event "POHÁR města Říčany 2024"]
[Site "Městské kulturní středisko U labutě"]
[Date "2024.06.29"]
[Round "1.27"]
[White "Voracek, Zdenek"]
[Black "Rous, Dominik"]
[Result "1-0"]
[WhiteElo "1914"]
[BlackElo "1719"]
[WhiteFideId "331880"]
[BlackFideId "375993"]
[PlyCount "0"]
[EventDate "2024.06.29"]

1. d4 d6 2. c4 g6 3. Nc3 Nf6 4. e4 Bg7 5. f3 O-O 6. Be3 c6 7. Bd3 Re8 8. Nge2
e5 9. O-O Nbd7 10. Qd2 Qc7 11. Rad1 exd4 12. Nxd4 Ne5 13. Be2 Be6 14. b3 Rad8
15. Bg5 d5 16. cxd5 cxd5 17. Ndb5 Qb6+ 18. Be3 Qa5 19. Nxd5 Qxd2 20. Nxf6+ Bxf6
21. Bxd2 Nc6 22. Be3 a6 23. Nc7 Rxd1 24. Rxd1 Rd8 25. Rxd8+ Bxd8 26. Nxe6 fxe6
27. Kf2 Bf6 28. f4 Kf7 29. e5 Be7 30. Bf3 Ke8 31. Ke2 Kd7 32. g3 Kc7 33. Be4 Nb4
34. a4 Nd5 35. Bd2 Kc6 36. h4 Kc5 37. h5 gxh5 38. Bxh7 Kd4 39. Bg8 h4 40. gxh4
Ke4 41. Bh7+ Kd4 42. h5 Bf8 43. Kf3 Bh6 44. Bg6 b5 45. axb5 axb5 46. Be4 Nc3
47. Be3# 1-0

[Event "POHÁR města Říčany 2024"]
[Site "Městské kulturní středisko U labutě"]
[Date "2024.06.29"]
[Round "1.28"]
[White "Masek, Tomas"]
[Black "Skala, Jaromir"]
[Result "1/2-1/2"]
[WhiteElo "1699"]
[BlackElo "1914"]
[WhiteFideId "23755580"]
[BlackFideId "325805"]
[PlyCount "0"]
[EventDate "2024.06.29"]

1. d4 Nf6 2. c4 g6 3. Nf3 Bg7 4. g3 d6 5. Bg2 c6 6. O-O Qc7 7. Bf4 Nh5 8. Bc1
e5 9. dxe5 dxe5 10. e4 O-O 11. Qc2 a5 12. Be3 Na6 13. a3 Qe7 14. c5 f5 15. exf5
Bxf5 16. Qc4+ Be6 17. Qc2 Bd5 18. Nbd2 Nc7 19. Rfe1 Ne6 20. Rad1 a4 21. h4 Kh8
22. Ng5 Bxg2 23. Nxe6 Qxe6 24. Kxg2 Qg4 25. Qe4 1/2-1/2

[Event "POHÁR města Říčany 2024"]
[Site "Městské kulturní středisko U labutě"]
[Date "2024.06.29"]
[Round "1.29"]
[White "Salac, Jiri"]
[Black "Glasberger, Roman"]
[Result "1/2-1/2"]
[WhiteElo "1913"]
[BlackElo "1698"]
[WhiteFideId "303992"]
[BlackFideId "398799"]
[PlyCount "0"]
[EventDate "2024.06.29"]

1. d4 d5 2. Bf4 Nf6 3. e3 Bf5 4. c4 e6 5. Qb3 b6 6. Nc3 Bd6 7. Bxd6 Qxd6 8. Rc1
c5 9. Nf3 h6 10. cxd5 exd5 11. dxc5 Qxc5 12. Bb5+ Bd7 13. O-O O-O 14. Rfd1 Be6
15. Nd4 Qd6 16. Bd3 a6 17. Na4 b5 18. Nc5 Ra7 19. Qa3 Qb6 20. b4 Rc7 21. Rc2 Bd7
22. Rdc1 Rfc8 23. Qb3 g6 24. Qb1 Be8 25. Rc3 Nbd7 26. Ndb3 Ne5 27. f4 Nxd3
28. Qxd3 Re7 29. Nd7 Bxd7 30. Rxc8+ Bxc8 31. Rxc8+ Re8 32. Rxe8+ Nxe8 33. Qd4
Qd6 34. Nc5 Nc7 35. Ne4 Qc6 36. Nc5 Ne6 37. Qf6 Qc8 38. Nxe6 Qxe6 39. Qd4 Qe4
40. Qxe4 dxe4 41. Kf2 f5 42. Ke2 Kf7 43. Kd2 Ke6 44. Kc3 Kd5 45. Kb3 g5 46. g3
g4 1/2-1/2

[Event "POHÁR města Říčany 2024"]
[Site "Městské kulturní středisko U labutě"]
[Date "2024.06.29"]
[Round "1.30"]
[White "Zabehlicky, Jiri"]
[Black "Steiner, Juraj"]
[Result "0-1"]
[WhiteElo "1653"]
[BlackElo "1912"]
[WhiteFideId "339059"]
[BlackFideId "367516"]
[PlyCount "0"]
[EventDate "2024.06.29"]

1. e4 c5 2. Nc3 Nc6 3. Nf3 g6 4. Bc4 Bg7 5. d3 d6 6. Be3 Nd4 7. Bxd4 cxd4
8. Ne2 Bg4 9. Ng3 e6 10. h3 Bxf3 11. Qxf3 Qa5+ 12. Ke2 Nf6 13. Rhd1 O-O 14. Kf1
Nd7 15. Bb3 Qe5 16. Kg1 Nc5 17. Rac1 Rac8 18. Qe2 Bh6 19. Rb1 Rc7 20. Nf1 a5
21. Nd2 Bxd2 22. Rxd2 b5 23. a3 Rfc8 24. Ba2 Kg7 25. b3 b4 26. a4 d5 27. exd5
Nd7 {u 1 hrace necitelne u 2 nesmzslne} 0-1

[Event "POHÁR města Říčany 2024"]
[Site "Městské kulturní středisko U labutě"]
[Date "2024.06.29"]
[Round "1.31"]
[White "Kaplanova, Dominika"]
[Black "Pesek, Jan Antonin"]
[Result "1/2-1/2"]
[WhiteElo "1912"]
[BlackElo "1635"]
[WhiteFideId "23737344"]
[BlackFideId "23745010"]
[PlyCount "0"]
[EventDate "2024.06.29"]

1. d4 Nf6 2. c4 e6 3. Nf3 b6 4. g3 Bb7 5. Bg2 d6 6. O-O Be7 7. Qc2 Be4 8. Qa4+
Bc6 9. Qc2 Be4 10. Qa4+ Bc6 11. Qd1 O-O 12. Nbd2 Nbd7 13. Qc2 Rb8 14. e4 b5
15. b3 Qc8 16. Re1 Re8 17. Ng5 h6 18. Nh3 Nh7 19. Bb2 bxc4 20. Nxc4 Bb5 21. Rac1
Bxc4 22. Qxc4 c5 23. dxc5 Qxc5 24. Qa4 Nb6 25. Qa6 Qb4 26. Bc3 Qc5 27. Bxg7 Qh5
28. Bd4 e5 29. Be3 Nd7 30. Rc7 Nhf6 31. Bxa7 Rbd8 32. f3 Kh8 33. Rec1 Rg8
34. Rc8 Nc5 1/2-1/2

[Event "POHÁR města Říčany 2024"]
[Site "Městské kulturní středisko U labutě"]
[Date "2024.06.29"]
[Round "1.32"]
[White "Soukup, Alexandr"]
[Black "Hronik, Petr"]
[Result "0-1"]
[WhiteElo "1527"]
[BlackElo "1907"]
[WhiteFideId "23763469"]
[BlackFideId "336700"]
[PlyCount "0"]
[EventDate "2024.06.29"]

1. b3 e5 2. Bb2 f6 3. e3 d5 4. d4 e4 5. Be2 Bd6 6. c4 c6 7. f3 f5 8. f4 Be6
9. Bh5+ g6 10. Be2 Nd7 11. c5 Bc7 12. Qd2 Ngf6 13. b4 a6 14. Bd1 h5 15. Nh3 Nh7
16. O-O Ndf6 17. Ng5 Nxg5 18. fxg5 Nh7 19. h4 Bg3 20. Rf4 Nxg5 21. hxg5 Qxg5
22. Nc3 Bxf4 23. exf4 Qh6 24. Bc1 h4 25. Qe3 h3 26. Qg3 hxg2 27. Qxg2 Kf7 28. a4
Rh7 29. Be3 Rah8 30. Ne2 Qh1+ 31. Qxh1 Rxh1+ 32. Kf2 R8h2+ 33. Kg3 0-1

[Event "POHÁR města Říčany 2024"]
[Site "Městské kulturní středisko U labutě"]
[Date "2024.07.03"]
[Round "6.2"]
[White "Jun, Rudolf"]
[Black "Walek, Petr"]
[Result "1-0"]
[WhiteElo "2232"]
[BlackElo "2294"]
[WhiteFideId "376612"]
[BlackFideId "339393"]
[PlyCount "0"]
[EventDate "2024.06.29"]

1. e4 c6 2. g3 d5 3. Bg2 dxe4 4. Bxe4 e5 5. Bg2 Bc5 6. Qe2 Qe7 7. d3 Nf6 8. Nc3
Bg4 9. Nf3 Nbd7 10. h3 Bh5 11. O-O O-O-O 12. Be3 Rhe8 13. Bxc5 Qxc5 14. Rfe1 Qb4
15. Rab1 Nd5 16. Nxd5 cxd5 17. Qe3 e4 18. dxe4 Rxe4 19. Qd2 Qxd2 20. Nxd2 Ra4
21. a3 Nf6 22. Nb3 Bg6 23. Rbc1 Rc4 24. c3 Rc7 25. Nd4 a6 26. Re3 h5 27. Rce1
Rd6 28. R1e2 Kd8 29. g4 hxg4 30. hxg4 Kc8 31. f3 Rd8 32. Kf2 Rh8 33. Re5 Rd7
34. g5 Nh5 35. Bh3 Nf4 36. Re8+ Rxe8 37. Rxe8+ Kc7 38. Bxd7 Kxd7 39. Rb8 Kc7
40. Rg8 Nh3+ 41. Ke3 Nxg5 42. Rxg7 Kd6 43. b4 Ne6 44. Nxe6 Kxe6 45. Rg8 1-0

[Event "POHÁR města Říčany 2024"]
[Site "Městské kulturní středisko U labutě"]
[Date "2024.07.03"]
[Round "6.3"]
[White "Vojta, Jakub"]
[Black "Hlavina, Matous"]
[Result "1-0"]
[WhiteElo "2266"]
[BlackElo "2231"]
[WhiteFideId "382515"]
[BlackFideId "386650"]
[PlyCount "0"]
[EventDate "2024.06.29"]

1. e4 e6 2. d4 d5 3. e5 c5 4. c3 Qb6 5. Nf3 Bd7 6. Bd3 Bb5 7. dxc5 Bxc5 8. b4
Bxd3 9. Qxd3 Bf8 10. Na3 a6 11. O-O Ne7 12. Rd1 Nd7 13. Nc4 Qc7 14. Nd6+ Kd8
15. Nxf7+ Ke8 16. Nxh8 g6 17. Ng5 Qxe5 18. Nhf7 Qc7 19. Nxe6 Qxc3 20. Nd6# 1-0

[Event "POHÁR města Říčany 2024"]
[Site "Městské kulturní středisko U labutě"]
[Date "2024.07.03"]
[Round "6.4"]
[White "Petras, Milan"]
[Black "Topencik, Bruno"]
[Result "1/2-1/2"]
[WhiteElo "1977"]
[BlackElo "2070"]
[WhiteFideId "306665"]
[BlackFideId "23716550"]
[PlyCount "0"]
[EventDate "2024.06.29"]

1. e4 d5 2. exd5 Qxd5 3. Nc3 Qd6 4. d4 Nf6 5. Nb5 Qb6 6. c4 c6 7. Nc3 g6 8. h3
Bg7 9. Nf3 O-O 10. Bd3 Rd8 11. Qe2 h6 12. Be3 Qc7 13. Qd2 1/2-1/2

[Event "POHÁR města Říčany 2024"]
[Site "Městské kulturní středisko U labutě"]
[Date "2024.07.03"]
[Round "6.5"]
[White "Crha, Ondrej"]
[Black "Vavrinec, Tomas"]
[Result "1-0"]
[WhiteElo "2171"]
[BlackElo "1922"]
[WhiteFideId "307220"]
[BlackFideId "318353"]
[PlyCount "0"]
[EventDate "2024.06.29"]

1. e4 e6 2. d4 d5 3. Nd2 Be7 4. Bd3 c5 5. c3 cxd4 6. cxd4 Nc6 7. Ne2 dxe4
8. Nxe4 Nf6 9. O-O Nb4 10. Nxf6+ gxf6 11. Be4 Nd5 12. Nc3 Nxc3 13. bxc3 Qc7
14. Rb1 Qxc3 15. Qg4 Bf8 16. Qf4 Be7 17. Rb3 Qa5 18. Bxb7 Bxb7 19. Rxb7 Rg8
20. Rb8+ Rxb8 21. Qxb8+ Bd8 22. g3 Qb6 23. Qc8 Qc7 24. Qa6 Rg4 25. Qb5+ Qd7
26. Qh5 f5 27. Be3 Qe7 28. Qxh7 Qh4 29. Qxh4 Bxh4 30. f3 Rg8 31. Rb1 Bd8 32. d5
exd5 33. Bxa7 f4 34. g4 f5 35. h3 fxg4 36. hxg4 Kd7 37. Bd4 Bg5 38. Rb7+ Kc6
39. Rb6+ Kc7 40. Rb5 Re8 41. Kf1 Ra8 42. Be5+ Kc6 43. Rb2 Ra3 44. Rc2+ Kb5
45. Kf2 Re3 46. Bd4 Bh4+ 47. Kg2 Rd3 48. Bf2 Be7 49. Rc7 Bd6 50. Rb7+ Kc4
51. Rb6 Be5 52. Rc6+ Kb4 53. Rc2 Bd6 1-0

[Event "POHÁR města Říčany 2024"]
[Site "Městské kulturní středisko U labutě"]
[Date "2024.07.03"]
[Round "6.6"]
[White "Veverka, Vladimir"]
[Black "Vysinsky, Otakar"]
[Result "0-1"]
[WhiteElo "1968"]
[BlackElo "1941"]
[WhiteFideId "23716568"]
[BlackFideId "23719818"]
[PlyCount "0"]
[EventDate "2024.06.29"]

1. d4 Nf6 2. c4 g6 3. Nc3 d5 4. cxd5 Nxd5 5. e4 Nxc3 6. bxc3 Bg7 7. Nf3 O-O
8. Be2 c5 9. Rb1 cxd4 10. cxd4 Qa5+ 11. Qd2 Qxd2+ 12. Bxd2 b6 13. O-O Bb7 14. e5
Nc6 15. a4 Rfd8 16. Bc3 Rac8 17. Rfc1 Bh6 18. Rd1 Nxe5 19. dxe5 Rxd1+ 20. Rxd1
Rxc3 21. Kf1 e6 22. Nd4 Rc5 23. Nb5 Rxe5 24. Rd8+ Kg7 25. Nd6 Bxg2+ 26. Kxg2
Rxe2 27. Ra8 Bg5 28. Rxa7 Bh4 29. Rxf7+ Kg8 30. Rf4 Be7 31. Ne8 e5 32. Rf3 e4
33. Nf6+ Kg7 34. Ne8+ Kg8 35. Nf6+ Kh8 36. Rf4 e3 37. Nd5 Bc5 38. Nxe3 Bxe3
39. Re4 Rxf2+ 40. Kg3 Bc5 0-1

[Event "POHÁR města Říčany 2024"]
[Site "Městské kulturní středisko U labutě"]
[Date "2024.07.03"]
[Round "6.7"]
[White "Hronik, Petr"]
[Black "Verner, Matej"]
[Result "0-1"]
[WhiteElo "1907"]
[BlackElo "2043"]
[WhiteFideId "336700"]
[BlackFideId "23729236"]
[PlyCount "0"]
[EventDate "2024.06.29"]

1. d4 g6 2. c3 Bg7 3. Bf4 d6 4. e3 Nd7 5. Nf3 e5 6. dxe5 dxe5 7. Bg3 Qe7
8. Nbd2 Ngf6 9. Be2 O-O 10. O-O b6 11. h3 Bb7 12. Qc2 h6 13. Rfd1 Nh5 14. Bh2 f5
15. Rac1 Kh8 16. e4 f4 17. b4 Nhf6 18. Ne1 h5 19. f3 g5 20. Nd3 Bh6 21. Nf2 Rf7
22. Qb2 Rh7 23. Rc2 Bf8 24. a3 Qg7 25. c4 Bc6 26. Rdc1 Qh6 27. Kf1 g4 28. fxg4
hxg4 29. Bxg4 Re8 30. Rc3 Rg7 31. Bf5 Qh5 32. Ng4 Nxg4 33. hxg4 Qf7 34. Rh3+ Kg8
35. Nf3 Bd6 36. g5 Qe7 37. Qf2 Nf8 38. Qh4 Nh7 39. g3 fxg3 40. Bxg3 Rf8 41. Qg4
Nxg5 42. Bh4 Nxh3 43. Qxh3 Rf6 44. Bxf6 Qxf6 45. Qh5 a5 46. c5 Bb5+ 47. Kf2 bxc5
48. bxc5 Be7 49. Qh3 Be8 50. Rh1 Bxc5+ 51. Ke1 Kf7 52. Qh2 Bd6 53. Qa2+ Ke7
54. Qd5 Bd7 55. Bxd7 Kxd7 56. Qb5+ Ke7 57. Rh8 Qxf3 58. Qe8+ Kf6 59. Rh6+ Kg5
0-1

[Event "POHÁR města Říčany 2024"]
[Site "Městské kulturní středisko U labutě"]
[Date "2024.07.03"]
[Round "6.8"]
[White "Blumel, Otto"]
[Black "Rut, Vojtech"]
[Result "0-1"]
[WhiteElo "1907"]
[BlackElo "2028"]
[WhiteFideId "303852"]
[BlackFideId "333190"]
[PlyCount "0"]
[EventDate "2024.06.29"]

1. e4 c5 2. Nf3 g6 3. d4 cxd4 4. Nxd4 Bg7 5. Nc3 Nf6 6. Nde2 Nc6 7. a4 O-O
8. g3 d5 9. exd5 Nb4 10. Bg2 Bf5 11. Nd4 Bg4 12. Nde2 Bf5 13. Nd4 Bg4 14. Nde2
e6 15. O-O Nfxd5 16. Nxd5 exd5 17. c3 Nc6 18. h3 Bxe2 19. Qxe2 d4 20. Rd1 Qb6
21. Bxc6 bxc6 22. cxd4 Bxd4 23. Ra3 Rfe8 24. Qc2 c5 25. Rf3 Re6 26. Qc4 Rae8
27. b3 Qb7 28. Qd3 Re1+ 29. Kg2 R8e2 0-1

[Event "POHÁR města Říčany 2024"]
[Site "Městské kulturní středisko U labutě"]
[Date "2024.07.03"]
[Round "6.9"]
[White "Novak, Jindrich"]
[Black "Sedlak, Milan"]
[Result "1-0"]
[WhiteElo "2010"]
[BlackElo "1953"]
[WhiteFideId "307874"]
[BlackFideId "23746149"]
[PlyCount "0"]
[EventDate "2024.06.29"]

1. d4 g6 2. Nf3 Bg7 3. Bf4 d6 4. e3 Nd7 5. c3 e5 6. dxe5 dxe5 7. Bg3 Ne7
8. Nbd2 O-O 9. Nc4 Nc6 10. a4 Qe7 11. Be2 a6 12. O-O Nc5 13. Bh4 f6 14. b4 Ne4
15. Qd5+ Qf7 16. Qxe4 Bf5 17. Ncxe5 fxe5 18. Qc4 Be6 19. Qc5 h6 20. b5 Na5
21. Qb4 Nb3 22. Rad1 axb5 23. axb5 Rfe8 24. c4 Na5 25. Bg3 Bxc4 26. Bxc4 Nxc4
27. Rc1 Nb6 28. Qc5 Nd5 29. Rfd1 Rad8 30. h3 Rd7 31. e4 Nf4 32. Rxd7 Qxd7
33. Qxc7 Qxb5 34. Bxf4 exf4 35. Qxf4 Re7 36. Re1 Qa4 37. Qg4 Kh7 38. e5 Qxg4
39. hxg4 g5 40. Rb1 Kg6 41. Rb5 Kf7 42. Kf1 Ke8 43. Ke2 Kd8 44. Ke3 Kc7 45. Ke4
Rf7 46. g3 b6 47. Rb2 Bf8 48. Nd4 Be7 49. f4 Kb7 50. f5 Bc5 51. f6 Rd7 52. Ne6
Ba3 1-0

[Event "POHÁR města Říčany 2024"]
[Site "Městské kulturní středisko U labutě"]
[Date "2024.07.03"]
[Round "6.10"]
[White "Ocelak, David"]
[Black "Pressler, Tobias"]
[Result "0-1"]
[WhiteElo "1815"]
[BlackElo "2005"]
[WhiteFideId "23728795"]
[BlackFideId "23715359"]
[PlyCount "0"]
[EventDate "2024.06.29"]

1. e4 d5 2. exd5 Qxd5 3. Nc3 Qd6 4. d4 Nf6 5. Be2 g6 6. Nf3 Bg7 7. O-O O-O
8. h3 a6 9. Be3 b5 10. a3 Bb7 11. Qd2 Rd8 12. Rad1 Nbd7 13. Qc1 Nb6 14. b3 Rac8
15. Na2 Nbd5 16. c4 Nxe3 17. Qxe3 Qxa3 18. Nc1 bxc4 19. Bxc4 Nd5 20. Qd2 Nb6
21. Qe3 Bxf3 22. gxf3 Nxc4 23. bxc4 Qb4 24. Nd3 Qxc4 25. Qxe7 Rxd4 26. Ne5 Bxe5
27. Qxe5 c5 28. Rc1 Qd5 29. Qxd5 Rxd5 30. Ra1 Rd6 31. Rfc1 c4 32. Ra3 Rc5
33. Rcc3 Kf8 34. Kf1 Ke7 35. Ke2 Kd7 36. Ra4 Rdc6 37. Ke3 Kc7 38. Kd4 a5 39. f4
Kb6 40. Ra2 Rd6+ 41. Ke4 f5+ 42. Ke3 Kc6 43. Ra1 Re6+ 44. Kf3 Re4 45. Ra4 Kd5
46. h4 Kd4 47. Raa3 Rb5 48. Kg3 a4 49. Kf3 Rb3 50. Rcxb3 cxb3 0-1

[Event "POHÁR města Říčany 2024"]
[Site "Městské kulturní středisko U labutě"]
[Date "2024.07.03"]
[Round "6.11"]
[White "Steiner, Juraj"]
[Black "Bezdek, Tomas"]
[Result "1/2-1/2"]
[WhiteElo "1912"]
[BlackElo "1958"]
[WhiteFideId "367516"]
[BlackFideId "23733551"]
[PlyCount "0"]
[EventDate "2024.06.29"]

1. d4 e6 2. c4 Nf6 3. Nc3 Bb4 4. a3 Bxc3+ 5. bxc3 c5 6. f3 Nc6 7. e4 d6 8. Be3
b6 9. Bd3 O-O 10. Ne2 Ba6 11. Ng3 Na5 12. Qc2 Rc8 13. d5 Qd7 14. a4 Qe7 15. O-O
Rfe8 16. Rae1 Nd7 17. f4 g6 18. Rf3 Bb7 19. Bf2 Qf6 20. e5 dxe5 21. Ne4 Qg7
22. Nd6 exd5 23. Nxc8 Rxc8 24. fxe5 Re8 25. cxd5 Bxd5 26. Rfe3 Nf8 27. Bb5 Ra8
28. Qd2 Bb7 29. Rh3 a6 30. Bh4 g5 31. Bxg5 axb5 32. Rg3 Nc4 33. Qe2 Ng6 34. Bf6
Qh6 35. e6 Nd6 36. exf7+ Nxf7 37. Qxb5 Rf8 38. Qxb6 Qd2 39. Qb1 Nh8 40. Rf1 Ba6
41. Qb3+ Nf7 42. Rd1 Qe2 43. h4 Bc4 44. Rb1 Nh8 45. Rc1 Qd2 46. Rd1 Qe2 1/2-1/2

[Event "POHÁR města Říčany 2024"]
[Site "Městské kulturní středisko U labutě"]
[Date "2024.07.03"]
[Round "6.12"]
[White "Korniichuk, Oleksandra"]
[Black "Svoboda, Daniel"]
[Result "1-0"]
[WhiteElo "1956"]
[BlackElo "1922"]
[WhiteFideId "14155656"]
[BlackFideId "23718684"]
[PlyCount "0"]
[EventDate "2024.06.29"]

1. d4 d5 2. Nf3 Nf6 3. g3 c5 4. c3 cxd4 5. cxd4 g6 6. Bg2 Bg7 7. O-O O-O 8. Qb3
Nc6 9. Nc3 Ne4 10. Rd1 Nxc3 11. bxc3 Na5 12. Qb4 Nc4 13. Nd2 Bg4 14. Nxc4 a5
15. Qb3 a4 16. Qb4 Bxe2 17. Ne3 Bxd1 18. Nxd1 Qd7 19. Rb1 b5 20. Bf4 Rfd8
21. Qxb5 Qxb5 22. Rxb5 e6 23. Kf1 Bf8 24. Ke2 Rdc8 25. Kd2 Ra6 26. Bf1 Rac6
27. Rb7 Ra8 28. Bb5 Rcc8 29. Bd7 Rd8 30. Bg5 Rdb8 31. Rxb8 Rxb8 32. Bxa4 Kg7
33. Kc2 f6 34. Be3 Kf7 35. Bc6 Rc8 36. Bb5 Ra8 37. a4 Bd6 38. Nb2 e5 39. dxe5
fxe5 40. Bc6 Ra6 41. Bb7 1-0

[Event "POHÁR města Říčany 2024"]
[Site "Městské kulturní středisko U labutě"]
[Date "2024.07.03"]
[Round "6.13"]
[White "Hejsek, Lukas"]
[Black "Madle, Robin"]
[Result "1-0"]
[WhiteElo "2029"]
[BlackElo "1889"]
[WhiteFideId "393860"]
[BlackFideId "393886"]
[PlyCount "0"]
[EventDate "2024.06.29"]

1. d4 Nf6 2. Nf3 d5 3. c4 e6 4. g3 dxc4 5. Bg2 Nc6 6. Qa4 Bd7 7. Qxc4 Be7
8. O-O Rc8 9. Bg5 Na5 10. Qd3 c5 11. dxc5 Bxc5 12. Nc3 Bc6 13. Qc2 Be7 14. Rad1
Qb6 15. Ne5 Bxg2 16. Kxg2 O-O 17. Bxf6 Bxf6 18. Nd7 Qc6+ 19. Kg1 Rfd8 20. Nxf6+
gxf6 21. Rd3 Nc4 22. Rfd1 Rxd3 23. Rxd3 Ne5 24. Rd4 b5 25. Qd2 Qc5 26. Rd8+ Rxd8
27. Qxd8+ Kg7 28. Qxf6+ Kxf6 29. Ne4+ Ke7 30. Nxc5 Nc6 31. Nd3 a5 32. Kg2 Kd6
33. Kf3 Kd5 34. h4 Nd4+ 35. Ke3 Nf5+ 36. Kf4 Nd4 37. e4+ Kc4 38. Ne5+ Kb4
39. Ke3 Nc2+ 40. Kd2 Nd4 41. Nxf7 a4 42. Ne5 a3 43. bxa3+ Kxa3 44. Kd3 Nf5
45. exf5 exf5 46. Kc3 Kxa2 47. Kb4 Kb2 48. h5 Kc2 49. h6 Kd2 50. g4 fxg4
51. Nxg4 Kd3 52. Nf6 Kd4 53. Nxh7 Ke5 54. Ng5 Kf6 55. h7 Kg7 56. Kxb5 Kh8 57. f4
Kg7 58. f5 Kh8 1-0

[Event "POHÁR města Říčany 2024"]
[Site "Městské kulturní středisko U labutě"]
[Date "2024.07.03"]
[Round "6.14"]
[White "Rous, Dominik"]
[Black "Novotny, David"]
[Result "1/2-1/2"]
[WhiteElo "1719"]
[BlackElo "2034"]
[WhiteFideId "375993"]
[BlackFideId "374083"]
[PlyCount "0"]
[EventDate "2024.06.29"]

1. b3 d5 2. Bb2 Bg4 3. Nf3 Bxf3 4. gxf3 Nf6 5. e3 Nbd7 6. c4 c6 7. Nc3 e6
8. Qc2 a5 9. a3 Qb6 10. Na4 Qc7 11. d4 Be7 12. Bd3 Rd8 13. f4 Nf8 14. c5 Ng6
15. Nb6 Nd7 16. Bc3 Bf6 17. Bxa5 Ra8 18. b4 Rxa5 19. bxa5 Nxf4 20. Rb1 Nxd3+
21. Qxd3 e5 22. a6 bxa6 23. Qxa6 O-O 24. Qd3 exd4 25. exd4 Re8+ 26. Kd1 Nf8
1/2-1/2

[Event "POHÁR města Říčany 2024"]
[Site "Městské kulturní středisko U labutě"]
[Date "2024.07.03"]
[Round "6.15"]
[White "Kaplanova, Dominika"]
[Black "Voracek, Zdenek"]
[Result "1-0"]
[WhiteElo "1912"]
[BlackElo "1914"]
[WhiteFideId "23737344"]
[BlackFideId "331880"]
[PlyCount "0"]
[EventDate "2024.06.29"]

1. e4 Nf6 2. e5 Nd5 3. d4 d6 4. c4 Nb6 5. exd6 cxd6 6. Nc3 g6 7. Bd3 Bg7
8. Nge2 Nc6 9. d5 Ne5 10. b3 Nxd3+ 11. Qxd3 Nd7 12. Bb2 a6 13. O-O b5 14. cxb5
axb5 15. Nd4 Nc5 16. Qe3 Bd7 17. b4 Na6 18. a3 O-O 19. Rfe1 Qb6 20. Nce2 Rfe8
21. Rab1 Nc7 22. Qf3 Qb7 23. Nf4 Rac8 24. Nc6 Nxd5 25. Nxe7+ Rxe7 26. Rxe7 Bxb2
27. Nxd5 f5 28. Nf6+ 1-0

[Event "POHÁR města Říčany 2024"]
[Site "Městské kulturní středisko U labutě"]
[Date "2024.07.03"]
[Round "6.16"]
[White "Petrasek, Jiri"]
[Black "Skala, Jaromir"]
[Result "1/2-1/2"]
[WhiteElo "1788"]
[BlackElo "1914"]
[WhiteFideId "23735880"]
[BlackFideId "325805"]
[PlyCount "0"]
[EventDate "2024.06.29"]

1. e4 e5 2. Nf3 Nc6 3. Bc4 Nf6 4. d3 Be7 5. Nc3 d6 6. h3 Na5 7. Bb3 c6 8. O-O
O-O 9. Re1 Qc7 10. Bg5 b5 11. Qd2 Nxb3 12. axb3 Ne8 13. d4 Bxg5 14. Qxg5 f6
15. Qd2 a6 16. b4 Bb7 17. Ne2 c5 18. dxe5 dxe5 19. bxc5 Qxc5 20. Ng3 Nd6
21. Rad1 Rad8 1/2-1/2

[Event "POHÁR města Říčany 2024"]
[Site "Městské kulturní středisko U labutě"]
[Date "2024.07.03"]
[Round "6.18"]
[White "Pisar, Tomas"]
[Black "Cabela, Filip"]
[Result "1-0"]
[WhiteElo "1971"]
[BlackElo "1903"]
[WhiteFideId "23701501"]
[BlackFideId "23753552"]
[PlyCount "0"]
[EventDate "2024.06.29"]

1. d4 Nf6 2. c4 e6 3. Nc3 Bb4 4. a3 Bxc3+ 5. bxc3 O-O 6. Nf3 b6 7. g3 Nc6
8. Bg2 Ba6 9. Ne5 Rc8 10. Bg5 Na5 11. Ng4 h6 12. Nxf6+ gxf6 13. Bxh6 Re8 14. e4
f5 15. e5 Kh7 16. Qh5 Rh8 17. g4 Bb7 18. Bxb7 Nxb7 19. gxf5 Qg8 1-0

[Event "POHÁR města Říčany 2024"]
[Site "Městské kulturní středisko U labutě"]
[Date "2024.07.03"]
[Round "6.19"]
[White "Jakubse, Tamae Severina"]
[Black "Rossler, Erik"]
[Result "1-0"]
[WhiteElo "1935"]
[BlackElo "1797"]
[WhiteFideId "23745975"]
[BlackFideId "23719761"]
[PlyCount "0"]
[EventDate "2024.06.29"]

1. e4 c5 2. c3 d5 3. exd5 Qxd5 4. d4 Nc6 5. Nf3 e6 6. Na3 cxd4 7. Nb5 Bd6
8. Nxd6+ Qxd6 9. Bb5 Bd7 10. Bxc6 Bxc6 11. Qxd4 Qxd4 12. Nxd4 Ne7 13. Bg5 f6
14. Be3 Kf7 15. Nxc6 Nxc6 16. O-O-O Rhd8 17. Rxd8 Rxd8 18. Rd1 Rxd1+ 19. Kxd1 a6
20. Kc2 Ke7 21. Bc5+ Kd7 22. a4 Nb8 23. b4 b5 24. Kb3 Kc6 25. Bf8 g6 26. Be7 f5
27. c4 bxc4+ 28. Kxc4 Nd7 29. b5+ axb5+ 30. axb5+ Kc7 31. f4 Nb6+ 32. Kc5 Nd7+
33. Kb4 Nb6 34. Ka5 Nd5 35. Bc5 Kb7 36. g3 h6 37. h4 Nf6 38. Bf8 Ne4 39. Bxh6
Nxg3 40. Kb4 Ne2 41. Kc5 Kc7 42. b6+ Kb7 43. Bg5 Ng3 44. Kd6 Kxb6 45. Kxe6 Kc6
46. Kf7 Kd7 47. Kxg6 1-0